LIBRARY & INFORMATION CENTRE, KCAET, TAVANUR

ONLINE PUBLIC ACCESS CATALOGUE (OPAC)

Elements of economics / (Record no. 7677)

MARC details
000 -LEADER
fixed length control field 00431cam a2200181ua 4500
041 ## - LANGUAGE CODE
Language code of text/sound track or separate title eng
082 ## - DEWEY DECIMAL CLASSIFICATION NUMBER
Classification number 330.1
Item number SKA/EL
100 ## - MAIN ENTRY--AUTHOR NAME
Personal name Skaria, P.P .
245 ## - TITLE STATEMENT
Title Elements of economics /
250 ## - EDITION STATEMENT
Edition statement 2 /
260 ## - PUBLICATION, DISTRIBUTION, ETC. (IMPRINT)
Place of publication Calicut :
Name of publisher Saraswathi Printing Works ,
Year of publication 1966.
300 ## - PHYSICAL DESCRIPTION
Number of Pages 224 ; .
942 ## - ADDED ENTRY ELEMENTS (KOHA)
Koha item type Books
Holdings
Withdrawn status Lost status Damaged status Home library Current library Date acquired Full call number Accession Number Koha item type
Withdrawn     KAUAET KAUAET 07/04/2012 330.1 10874 Books
free website counter